Representation and its epiphanies: a reading of constituent assembly debates (Record no. 62573)

000 -LEADER
fixed length control field 00923pab a2200169 454500
008 - FIXED-LENGTH DATA ELEMENTS--GENERAL INFORMATION
fixed length control field 180718b2004 xxu||||| |||| 00| 0 eng d
100 ## - MAIN ENTRY--PERSONAL NAME
Personal name Jha, Shefali
245 ## - TITLE STATEMENT
Title Representation and its epiphanies: a reading of constituent assembly debates
260 ## - PUBLICATION, DISTRIBUTION, ETC.
Date of publication, distribution, etc. 2004
300 ## - PHYSICAL DESCRIPTION
Extent p.4357-360.
362 ## - DATES OF PUBLICATION AND/OR SEQUENTIAL DESIGNATION
Dates of publication and/or sequential designation 25 Sep
520 ## - SUMMARY, ETC.
Summary, etc. The focus in this paper is on the Constituent Assembly debates on the nature of electoral mechanisms that would ideally translate people's will into governmental decisions. What assumptions did these debates make about the meaning of representation? Members of the Constituent Assembly were concerned especially with issues of representation given the accusation that the Assembly was an unrepresentative body, elected as it was on an extremely limited franchise. - Reproduced.
650 ## - SUBJECT ADDED ENTRY--TOPICAL TERM
Topical term or geographic name entry element Elections - India
650 ## - SUBJECT ADDED ENTRY--TOPICAL TERM
Topical term or geographic name entry element Elections
773 ## - HOST ITEM ENTRY
Main entry heading Economic and Political Weekly
909 ## -
-- 62573
Holdings
Withdrawn status Lost status Damaged status Not for loan Permanent Location Current Location Date acquired Serial Enumeration / chronology Barcode Date last seen Price effective from Koha item type
        Indian Institute of Public Administration Indian Institute of Public Administration 2018-07-19 Volume no: 39, Issue no: 39 AR63023 2018-07-19 2018-07-19 Articles

Powered by Koha